| 000 | 00574nam a2200193Ia 4500 | ||
|---|---|---|---|
| 005 | 20250326144708.0 | ||
| 008 | 250326s9999 xx 000 0 und d | ||
| 020 | _a0-02-925090-0 | ||
| 037 | _aTextbook | ||
| 040 |
_aFMSL _beng _cFMSL |
||
| 041 |
_aeng _2eng |
||
| 084 |
_aX:74:8 M5;1 _qFMSL |
||
| 100 | _aPorter M E | ||
| 245 | 0 |
_aCompetitive advantage: creating and sustaining superior performance _cPorter M E |
|
| 260 |
_aUnited Kingdom _bUnited Kingdom, Macmillian _c1985 |
||
| 300 | _a556p | ||
| 942 |
_cTB _hX:74:8 M5;1 |
||
| 999 |
_c1304655 _d1304655 |
||